Responses for Show #4927 - Tuesday, January 31, 2006

Contestants

[<< previous game]

Eleanor Ainslie, a medical student from Philadelphia, Pennsylvania

John Moore, a talk radio show host from Toronto, Ontario, Canada

William Love, a brick manufacturer from Los Angeles, California (whose 1-day cash winnings total $7,599)

[next game >>]

Jeopardy! Round responses

SHAKESPEARE IN LOVE
AMERICAN BEAUTY
THE ENGLISH PATENT
BRAVE HEART
UNFORGIVEN
TEUTONIC
    $200 6
Rome

William
    $200 16
Angelina Jolie

Eleanor
    $200 7
(Oliver) Cromwell

John
    $200 21
Yeltsin

Eleanor
    $200 13
an untouchable

Eleanor
    $200 1
Germany

Eleanor
    $400 12
The Merchant of Venice

William
    $400 17
Jessica Simpson

Eleanor
    $400 8
Eton

John
    $400 22
Cheney

John
    $400 14
Judas

Eleanor
    $400 2
(William: What is Berlin?)

Vienna

WilliamEleanor
    $600 28
Hamlet

John
    $600 18
Tyra Banks

Eleanor
    $600 9
(James) Watt

John
    $600 23
(Dr. Christiaan) Barnard

John
    $600 15
(Eleanor: Who is Esau?)
(William: What is pariah?)
...
(Alex: Correct response? Call me [*]. [*].)

Ishmael

WilliamEleanor
Triple Stumper
    $600 3
poverty

John
    $800 29
Juliet

Triple Stumper
    $800 19
Teri Hatcher

Eleanor
    $800 10
Elizabeth I

Eleanor
    $800 24
angioplasty

Eleanor
    $800 26
persona non grata

William
    $800 4
(John: What is master?)
(Alex: Be more specific.)
(John: Chessmaster--what is chessmaster?)

grandmaster

WilliamJohn
    $1000 30
Love's Labour's Lost

Eleanor
    $1000 20
(Alex: And this American beauty is [*].)

Halle Berry

Triple Stumper
    $1000 11
theatre troupe

Triple Stumper
    $1,500 25
(Eleanor: I don't know.)

Robert Jarvik

Eleanor
    $1000 27
the Rosenbergs

William
    $1000 5
Prussia

Eleanor

Scores at the first commercial break (after clue 15):

William John Eleanor
$400 $1,000 $2,400

Scores at the end of the Jeopardy! Round:

William John Eleanor
$2,200 $2,600 $4,900

Double Jeopardy! Round responses

COMPOSERS
I NEED AN M.D.!
ISLANDS
BEER-VERTISING
WRITING A WRONG
ADD A LETTER
(Alex: ...and we need a letter as your correct response.)
    $400 6
guitar

John
    $400 11
Matt Damon

Eleanor
    $400 16
the Turks

Triple Stumper
    $400 1
(John: What is Budweiser?)

Miller

WilliamJohn
    $400 23
Howard Hughes

John
    $400 18
G (for grave)

Triple Stumper
    $800 7
[ERRATUM: Her first name was spelled "Giulietta" according to the title page of the published sonata.]

Beethoven

John
    $800 12
Mommie Dearest

Eleanor
    $800 17
(John: What is Laval?)

the St. Lawrence River

JohnEleanor
    $800 2
Amstel Light

William
    $800 19
I (for Kodiak)

William
    $1200 8
(John: Who is Mozart?)

(Johannes) Brahms

JohnEleanor
    $1200 13
Minnie Driver

William
    $6,000 26
(William: What is Gothenburg?)

Gotland

William
    $1200 3
Old Milwaukee

Triple Stumper
    $1200 20
X (for foxes)

Triple Stumper
    $1600 9
(Gioacchino) Rossini

Eleanor
    $1600 14
(John: Who is Marie Dressler?)
(William: Who is Margaret Dumas?) [Originally ruled correct; reversed before Daily Double at clue 18]

Margaret Dumont

WilliamJohn
Triple Stumper
    $1600 27
Luzon

William
    $1600 4
St. Pauli Girl

William
    $1600 24
The Protocols of the Elders of Zion

William
    $1600 21
T (for meditate)

Eleanor
    $2000 10
(John: Who is Strauss?)
(Alex: Which one?)
(John: Ooh!... Johann. Who is Johann Strauss?)

Richard Strauss

JohnEleanor
    $2000 15
Molly Dodd

William
    $2000 28
[The end-of-round signal sounds.]

Lord Kitchener

Triple Stumper
    $2000 5
Corona

Eleanor
    $2000 25
(John: What is Der Spiegel?)

(Der) Stern

WilliamJohn
    $2000 22
M (for Morpheus)

Eleanor

Scores at the end of the Double Jeopardy! Round:

William John Eleanor
$6,600 -$3,800 $17,300
(lock game)

[wagering suggestions for these scores]

Final Jeopardy! Round responses

PEN NAMES
(Alex: [To William] George Sand was a woman, and was French, not English.)
WilliamWho is George Sand?
$6,000
EleanorWho is George Eliot?
$4,000
George Orwell

Final scores:

William John Eleanor
$600 -$3,800 $13,300
2nd place: $2,000 3rd place: $1,000 New champion: $13,300

Game dynamics:

Coryat scores:

William John Eleanor
$12,600 -$3,800 $18,800
14 R,
4 W
(including 1 DD)
10 R,
7 W
22 R,
2 W
(including 1 DD)

Combined Coryat: $27,600

[game clues] [game scores] [suggest correction]

Game tape date: Unknown
The J! Archive is created by fans, for fans. Scraping, republication, monetization, and malicious use prohibited; this site may use cookies and collect identifying information. See terms. The Jeopardy! game show and all elements thereof, including but not limited to copyright and trademark thereto, are the property of Jeopardy Productions, Inc. and are protected under law. This website is not affiliated with, sponsored by, or operated by Jeopardy Productions, Inc. Join the discussion at JBoard.tv.